MARC

LEADER 00000nam0a2200000 4500
001 299466
005 20231102001215.0
035 |a (RuTPU)RU\TPU\book\324618 
090 |a 299466 
100 |a 20150629d1980 k y0rusy50 ca 
101 0 |a rus 
102 |a UA 
105 |a a z 001zy 
200 1 |a Искусственное восполнение подземных вод Украины  |f В. К. Янчев, Т. В. Бурчак, А. А. Коджаспиров  |g Академия наук Украинской ССР (АН УССР), Институт геологических наук (ИГН) 
210 |a Киев  |c Наукова думка  |d 1980 
215 |a 190 с.  |c ил. 
320 |a Библиогр.: с. 184-188. 
606 1 |a Воды подземные  |x Пополнение запасов, искусственное  |2 stltpush  |3 (RuTPU)RU\TPU\subj\3181  |9 31635 
610 1 |a Украина 
610 1 |a водозаборы 
610 1 |a инфильтрационные сооружения 
610 1 |a проектирование 
610 1 |a эксплуатация 
610 1 |a вода 
610 1 |a качество 
675 |a 556.332.63  |v 4 
700 1 |a Янчев  |b В. К. 
701 1 |a Бурчак  |b Т. В. 
701 1 |a Коджаспиров  |b А. А. 
712 0 2 |a Академия наук Украинской ССР (АН УССР)  |b Институт геологических наук (ИГН)  |c (Киев)  |2 stltpush  |3 (RuTPU)RU\TPU\col\12890 
801 1 |a RU  |b 63413507  |c 20150629 
801 2 |a RU  |b 63413507  |c 20161024  |g RCR 
942 |c BK